[Event "Open International de Liffre 2017"]
[Site "Liffre"]
[Date "2017.10.25"]
[Round "7.3"]
[White "CHETVERIK, Maxim"]
[Black "KRYAKVIN, Dmitry"]
[Result "0-1"]
[BlackElo "2583"]
[WhiteElo "2256"]
[LiveChessVersion "1.4.8"]

1. d4 {[%clk 1:27:38]} g6 {[%clk 1:30:45]} 2. c4 {[%clk 1:28:05]} Bg7
{[%clk 1:31:09]} 3. Nf3 {[%clk 1:28:24]} c5 {[%clk 1:31:20]} 4. d5
{[%clk 1:28:48]} d6 {[%clk 1:30:27]} 5. e4 {[%clk 1:21:53]} Nf6 {[%clk 1:28:23]}
6. Bd3 {[%clk 1:20:32]} O-O {[%clk 1:27:22]} 7. h3 {[%clk 1:20:27]} e5
{[%clk 1:26:12]} 8. Nc3 {[%clk 1:16:40]} Nh5 {[%clk 1:23:56]} 9. Bg5
{[%clk 1:11:37]} Qe8 {[%clk 1:18:02]} 10. Nb5 {[%clk 1:07:11]} Qd7
{[%clk 1:18:19]} 11. g4 {[%clk 1:05:24]} Nf4 {[%clk 1:17:40]} 12. Qd2
{[%clk 1:03:16]} Nxd3+ {[%clk 1:04:55]} 13. Qxd3 {[%clk 1:03:44]} a6
{[%clk 1:05:16]} 14. Nc3 {[%clk 0:56:32]} b5 {[%clk 1:05:35]} 15. Nd2
{[%clk 0:55:57]} f6 {[%clk 0:57:03]} 16. Be3 {[%clk 0:56:09]} f5 {[%clk 0:57:28]}
17. gxf5 {[%clk 0:56:19]} gxf5 {[%clk 0:54:14]} 18. exf5 {[%clk 0:55:00]} Qe7
{[%clk 0:48:35]} 19. f6 {[%clk 0:50:39]} Bxf6 {[%clk 0:43:29]} 20. O-O-O
{[%clk 0:50:33]} Kh8 {[%clk 0:43:50]} 21. Rdg1 {[%clk 0:45:20]} Rf7
{[%clk 0:38:35]} 22. Bh6 {[%clk 0:40:55]} Bh4 {[%clk 0:27:06]} 23. Rg2
{[%clk 0:23:26]} Bf5 {[%clk 0:27:18]} 24. Rhg1 {[%clk 0:20:54]} Nd7
{[%clk 0:26:45]} 25. Nce4 {[%clk 0:15:23]} Bg6 {[%clk 0:19:39]} 26. Qe3
{[%clk 0:14:59]} Rg8 {[%clk 0:18:24]} 27. Rg4 {[%clk 0:13:21]} Rf5
{[%clk 0:15:25]} 28. Nf3 {[%clk 0:11:36]} Rh5 {[%clk 0:11:29]} 29. Nxh4
{[%clk 0:05:25]} Rxh4 {[%clk 0:11:45]} 30. Bg5 {[%clk 0:04:06]} Rxg4
{[%clk 0:11:37]} 31. Rxg4 {[%clk 0:03:52]} Qf8 {[%clk 0:11:36]} 32. Bh6
{[%clk 0:01:39]} Qf5 {[%clk 0:10:13]} 33. Kd2 {[%clk 0:01:11]} bxc4
{[%clk 0:09:12]} 34. Nxd6 {[%clk 0:01:07]} Qc2+ {[%clk 0:08:45]} 35. Ke1
{[%clk 0:01:33]} Qxb2 {[%clk 0:06:12]} 36. Nxc4 {[%clk 0:01:23]} Qxa2
{[%clk 0:05:28]} 37. Qc3 {[%clk 0:00:40]} Qb1+ {[%clk 0:04:39]} 38. Bc1
{[%clk 0:01:03]} Re8 {[%clk 0:03:52]} 39. f3 {[%clk 0:00:39]} Nf6
{[%clk 0:00:57]} 40. Rg5 {[%clk 0:30:42]} Nxd5 {[%clk 0:30:42]} 41. Qb2
{[%clk 0:28:00]} Qxb2 {[%clk 0:27:03]} 42. Bxb2 {[%clk 0:28:27]} Nf4
{[%clk 0:26:51]} 43. Bxe5+ {[%clk 0:23:39]} Kg8 {[%clk 0:26:34]} 44. Kf1
{[%clk 0:20:43]} Ne6 {[%clk 0:24:59]} 45. Rg3 {[%clk 0:20:20]} Rf8
{[%clk 0:24:26]} 46. Kf2 {[%clk 0:15:05]} Rf5 {[%clk 0:19:29]} 47. Ke3
{[%clk 0:13:14]} Ng7 {[%clk 0:17:23]} 48. Rg1 {[%clk 0:11:17]} Rh5
{[%clk 0:16:59]} 49. Bxg7 {[%clk 0:09:06]} Kxg7 {[%clk 0:16:47]} 50. Ra1
{[%clk 0:09:32]} Bf7 {[%clk 0:11:55]} 51. Nd6 {[%clk 0:09:50]} Re5+
{[%clk 0:12:20]} 52. Kf4 {[%clk 0:10:12]} Re6 {[%clk 0:12:18]} 53. Ne4
{[%clk 0:06:49]} c4 {[%clk 0:11:00]} 54. Ra5 {[%clk 0:07:11]} Rc6
{[%clk 0:10:30]} 55. Nc3 {[%clk 0:07:05]} Kf6 {[%clk 0:10:29]} 56. h4
{[%clk 0:06:47]} Ke6 {[%clk 0:09:31]} 57. Ke4 {[%clk 0:06:38]} Kd7
{[%clk 0:09:29]} 58. f4 {[%clk 0:05:35]} Rh6 {[%clk 0:09:30]} 59. Na4
{[%clk 0:04:11]} Bg6+ {[%clk 0:07:14]} 60. Kd4 {[%clk 0:04:02]} Rxh4
{[%clk 0:07:21]} 61. Nc5+ {[%clk 0:02:46]} Kc6 {[%clk 0:07:08]} 62. Rxa6+
{[%clk 0:02:58]} Kb5 {[%clk 0:07:33]} 63. Rf6 {[%clk 0:01:33]} c3
{[%clk 0:07:45]} 64. Nb3 {[%clk 0:00:45]} c2 {[%clk 0:08:05]} 65. Rf8
{[%clk 0:00:35]} Rh3 {[%clk 0:07:10]} 66. Nc1 {[%clk 0:00:56]} Rh1
{[%clk 0:07:30]} 67. Na2 {[%clk 0:00:41]} Ra1 {[%clk 0:07:38]} 68. Nc3+
{[%clk 0:00:40]} Kb6 {[%clk 0:07:54]} 69. Ne2 {[%clk 0:00:40]} Re1
{[%clk 0:08:20]} 0-1

[Event "Open International de Liffre 2017"]
[Site "Liffre"]
[Date "2017.10.25"]
[Round "7.4"]
[White "KARPATCHEV, Aleksandr"]
[Black "GAHAN, M.G."]
[Result "1-0"]
[BlackElo "2281"]
[WhiteElo "2506"]
[LiveChessVersion "1.4.8"]

1. e4 {[%clk 1:30:57]} c5 {[%clk 1:30:27]} 2. c3 {[%clk 1:31:19]} Nf6
{[%clk 1:30:47]} 3. e5 {[%clk 1:31:43]} Nd5 {[%clk 1:31:13]} 4. Nf3
{[%clk 1:31:58]} e6 {[%clk 1:31:36]} 5. d4 {[%clk 1:32:17]} cxd4 {[%clk 1:32:00]}
6. cxd4 {[%clk 1:32:40]} d6 {[%clk 1:32:24]} 7. Bc4 {[%clk 1:32:20]} Nc6
{[%clk 1:32:47]} 8. O-O {[%clk 1:32:41]} Be7 {[%clk 1:33:09]} 9. exd6
{[%clk 1:32:31]} Qxd6 {[%clk 1:33:31]} 10. Nc3 {[%clk 1:32:56]} O-O
{[%clk 1:33:48]} 11. Ne4 {[%clk 1:33:07]} Qd8 {[%clk 1:33:55]} 12. a3
{[%clk 1:33:12]} b6 {[%clk 1:33:56]} 13. Qd3 {[%clk 1:31:10]} Nf6
{[%clk 1:30:28]} 14. Re1 {[%clk 1:28:30]} Bb7 {[%clk 1:29:38]} 15. Neg5
{[%clk 1:28:13]} Na5 {[%clk 1:26:58]} 16. Rxe6 {[%clk 1:28:31]} fxe6
{[%clk 1:22:55]} 17. Bxe6+ {[%clk 1:28:26]} Kh8 {[%clk 1:23:07]} 18. Ne5
{[%clk 1:28:48]} Qe8 {[%clk 1:14:08]} 19. Nef7+ {[%clk 1:26:34]} Qxf7
{[%clk 1:14:18]} 20. Nxf7+ {[%clk 1:26:51]} Kg8 {[%clk 1:14:29]} 21. Ng5+
{[%clk 1:22:28]} Kh8 {[%clk 1:14:51]} 22. b4 {[%clk 1:22:40]} Nc6
{[%clk 1:14:26]} 23. Nf7+ {[%clk 1:22:46]} Rxf7 {[%clk 1:14:52]} 24. Bxf7
{[%clk 1:23:11]} Rd8 25. Bb2 {[%clk 1:19:50]} Ne5 {[%clk 1:06:56]} 26. Qe2
{[%clk 1:19:35]} Nxf7 {[%clk 1:07:08]} 27. Qxe7 {[%clk 1:19:42]} Rd7
{[%clk 1:07:33]} 28. Qf8+ {[%clk 1:18:28]} Ng8 {[%clk 1:07:57]} 29. d5
{[%clk 1:17:44]} 1-0

[Event "Open International de Liffre 2017"]
[Site "Liffre"]
[Date "2017.10.26"]
[Round "8.1"]
[White "NEELOTPAL, Das"]
[Black "AUMONT, Alexandre"]
[Result "1-0"]
[BlackElo "2211"]
[WhiteElo "2446"]
[LiveChessVersion "1.4.8"]

1. Nf3 {[%clk 1:30:55]} f5 {[%clk 1:30:55]} 2. g3 {[%clk 1:27:31]} Nf6
{[%clk 1:31:19]} 3. Bg2 {[%clk 1:27:57]} g6 {[%clk 1:31:47]} 4. O-O
{[%clk 1:28:09]} Bg7 {[%clk 1:32:15]} 5. d4 {[%clk 1:28:34]} O-O {[%clk 1:32:41]}
6. b3 {[%clk 1:28:23]} d6 {[%clk 1:33:04]} 7. Bb2 {[%clk 1:28:50]} c6
{[%clk 1:33:13]} 8. c4 {[%clk 1:28:40]} Na6 {[%clk 1:33:14]} 9. Qc2
{[%clk 1:27:47]} Qe8 {[%clk 1:33:29]} 10. Nbd2 {[%clk 1:27:09]} Nc7
{[%clk 1:31:44]} 11. Rfe1 {[%clk 1:26:19]} h6 {[%clk 1:29:36]} 12. e4
{[%clk 1:10:11]} fxe4 {[%clk 1:15:56]} 13. Nxe4 {[%clk 1:10:20]} Qf7
{[%clk 1:15:54]} 14. Nxf6+ {[%clk 0:58:58]} Qxf6 {[%clk 1:14:49]} 15. Re3
{[%clk 0:58:33]} Bg4 {[%clk 1:10:50]} 16. Bc3 {[%clk 0:51:27]} Rae8
{[%clk 1:03:00]} 17. Rae1 {[%clk 0:43:40]} Qf7 {[%clk 0:56:39]} 18. h3
{[%clk 0:42:45]} Bd7 {[%clk 0:52:25]} 19. Qe2 {[%clk 0:37:41]} Bf6
{[%clk 0:51:05]} 20. Nd2 {[%clk 0:37:22]} Qg7 {[%clk 0:38:55]} 21. Nf3
{[%clk 0:34:03]} g5 {[%clk 0:36:25]} 22. Qd2 {[%clk 0:34:25]} Qf7
{[%clk 0:33:55]} 23. Ne5 {[%clk 0:27:28]} dxe5 {[%clk 0:30:26]} 24. dxe5
{[%clk 0:27:37]} Bf5 {[%clk 0:19:45]} 25. exf6 {[%clk 0:24:00]} exf6
{[%clk 0:20:08]} 26. Qd4 {[%clk 0:20:09]} Rxe3 {[%clk 0:19:39]} 27. Rxe3
{[%clk 0:20:21]} a6 {[%clk 0:18:50]} 28. Qb6 {[%clk 0:13:53]} Bc8
{[%clk 0:18:04]} 29. Rf3 {[%clk 0:13:43]} f5 {[%clk 0:14:08]} 30. Qd4
{[%clk 0:11:28]} Qg6 {[%clk 0:14:25]} 31. Rd3 {[%clk 0:10:31]} Ne6
{[%clk 0:12:51]} 32. Qe5 {[%clk 0:09:21]} Qg7 {[%clk 0:10:49]} 33. Qe1
{[%clk 0:09:40]} Qf7 {[%clk 0:10:46]} 34. Rd6 {[%clk 0:09:38]} f4
{[%clk 0:06:50]} 35. Qe5 {[%clk 0:09:09]} Ng7 {[%clk 0:04:05]} 36. Rxh6
{[%clk 0:08:32]} Bf5 {[%clk 0:01:19]} 37. g4 {[%clk 0:06:38]} Bb1
{[%clk 0:01:14]} 38. Qxg5 {[%clk 0:06:11]} f3 {[%clk 0:01:21]} 39. Bxf3
{[%clk 0:03:27]} Be4 {[%clk 0:01:50]} 40. Rf6 {[%clk 0:33:28]} 1-0

[Event "Open International de Liffre 2017"]
[Site "Liffre"]
[Date "2017.10.26"]
[Round "8.2"]
[White "BOURGOIS, Bastien"]
[Black "VENKATESH, M.R."]
[Result "0-1"]
[BlackElo "2418"]
[WhiteElo "2050"]
[LiveChessVersion "1.4.8"]

1. d4 {[%clk 1:30:57]} Nf6 {[%clk 1:28:04]} 2. c4 {[%clk 1:31:21]} g6
{[%clk 1:28:26]} 3. Nc3 {[%clk 1:31:44]} Bg7 {[%clk 1:28:50]} 4. e4
{[%clk 1:32:05]} d6 {[%clk 1:29:15]} 5. h3 {[%clk 1:32:26]} O-O {[%clk 1:28:57]}
6. Bg5 {[%clk 1:31:35]} Na6 {[%clk 1:20:00]} 7. Nf3 {[%clk 1:30:57]} c6
{[%clk 1:18:54]} 8. Bd3 {[%clk 1:19:57]} Qc7 {[%clk 1:13:22]} 9. O-O
{[%clk 1:17:55]} e5 {[%clk 1:06:19]} 10. d5 {[%clk 1:07:00]} h6 {[%clk 0:50:31]}
11. Be3 {[%clk 1:04:13]} Nh5 {[%clk 0:50:30]} 12. Qd2 {[%clk 0:44:18]} g5
{[%clk 0:47:49]} 13. Rfd1 {[%clk 0:41:04]} Nf4 {[%clk 0:44:51]} 14. Bf1
{[%clk 0:41:13]} c5 {[%clk 0:45:17]} 15. Kh2 {[%clk 0:34:54]} f5 {[%clk 0:35:30]}
16. exf5 {[%clk 0:22:04]} Bxf5 {[%clk 0:34:50]} 17. g4 {[%clk 0:20:25]} Bg6
{[%clk 0:33:50]} 18. Ng1 {[%clk 0:15:16]} Nb4 {[%clk 0:30:46]} 19. Rac1
{[%clk 0:12:23]} e4 {[%clk 0:28:54]} 20. Bxf4 {[%clk 0:06:28]} Rxf4
{[%clk 0:26:16]} 21. Re1 {[%clk 0:05:56]} Raf8 {[%clk 0:25:33]} 22. Nd1
{[%clk 0:06:07]} Bd4 {[%clk 0:24:54]} 23. f3 {[%clk 0:05:37]} exf3
{[%clk 0:23:26]} 24. Nf2 {[%clk 0:05:50]} Be5 {[%clk 0:23:22]} 25. Kh1
{[%clk 0:06:05]} Rd4 {[%clk 0:21:54]} 26. Qe3 {[%clk 0:06:11]} Qf7
{[%clk 0:22:19]} 27. Rc3 {[%clk 0:05:03]} Nc2 {[%clk 0:22:19]} 28. Rxc2
{[%clk 0:05:06]} Bxc2 {[%clk 0:22:46]} 29. b3 {[%clk 0:04:58]} Bg3
{[%clk 0:22:36]} 30. Rc1 {[%clk 0:04:51]} Bg6 {[%clk 0:22:54]} 31. Re1
{[%clk 0:04:33]} Bxf2 {[%clk 0:22:30]} 32. Qxf2 {[%clk 0:04:58]} Qf4
{[%clk 0:22:38]} 33. Re6 {[%clk 0:04:57]} Be4 {[%clk 0:22:57]} 0-1

[Event "Open International de Liffre 2017"]
[Site "Liffre"]
[Date "2017.10.26"]
[Round "8.3"]
[White "NOYER, Christophe"]
[Black "KRYAKVIN, Dmitry"]
[Result "0-1"]
[BlackElo "2583"]
[WhiteElo "1493"]
[LiveChessVersion "1.4.8"]

1. e4 {[%clk 1:30:53]} c6 {[%clk 1:30:52]} 2. d4 {[%clk 1:29:33]} d5
{[%clk 1:31:13]} 3. exd5 {[%clk 1:28:19]} cxd5 {[%clk 1:31:35]} 4. Nf3
{[%clk 1:27:20]} Nc6 {[%clk 1:31:06]} 5. Bd3 {[%clk 1:23:36]} Bg4
{[%clk 1:31:13]} 6. c3 {[%clk 1:21:21]} Qc7 {[%clk 1:31:31]} 7. Nbd2
{[%clk 1:09:57]} e6 {[%clk 1:28:55]} 8. Be2 {[%clk 1:02:30]} Bd6 {[%clk 1:28:38]}
9. O-O {[%clk 0:50:05]} Nf6 {[%clk 1:28:35]} 10. Re1 {[%clk 0:45:11]} O-O
{[%clk 1:28:37]} 11. h3 {[%clk 0:40:47]} Bf5 {[%clk 1:28:59]} 12. Nb3
{[%clk 0:37:03]} h6 {[%clk 1:28:32]} 13. Bd3 {[%clk 0:36:03]} Ne4
{[%clk 1:28:33]} 14. Bc2 {[%clk 0:30:26]} Bh7 {[%clk 1:28:37]} 15. Nbd2
{[%clk 0:29:52]} f5 {[%clk 1:28:58]} 16. a3 {[%clk 0:25:04]} Kh8 {[%clk 1:27:30]}
17. c4 {[%clk 0:21:55]} g5 {[%clk 1:27:54]} 18. c5 {[%clk 0:19:07]} Bf4
{[%clk 1:27:29]} 19. Nf1 {[%clk 0:17:49]} g4 {[%clk 1:27:09]} 20. Bxf4
{[%clk 0:04:46]} Qxf4 {[%clk 1:27:32]} 21. Bxe4 {[%clk 0:04:52]} fxe4
{[%clk 1:27:44]} 0-1

[Event "Open International de Liffre 2017"]
[Site "Liffre"]
[Date "2017.10.26"]
[Round "8.4"]
[White "KARPATCHEV, Aleksandr"]
[Black "DENIS, Laurent"]
[Result "1-0"]
[BlackElo "2235"]
[WhiteElo "2506"]
[LiveChessVersion "1.4.8"]

1. e4 {[%clk 1:30:14]} c5 {[%clk 1:30:08]} 2. Nf3 {[%clk 1:30:31]} d6
{[%clk 1:27:41]} 3. Bb5+ {[%clk 1:30:57]} Bd7 {[%clk 1:27:03]} 4. Bxd7+
{[%clk 1:31:22]} Nxd7 {[%clk 1:26:23]} 5. O-O {[%clk 1:30:52]} Ngf6
{[%clk 1:24:06]} 6. Qe2 {[%clk 1:29:23]} g6 {[%clk 1:17:27]} 7. c3
{[%clk 1:29:08]} Bg7 {[%clk 1:13:39]} 8. d4 {[%clk 1:29:26]} e5 {[%clk 0:52:01]}
9. dxe5 {[%clk 1:25:20]} dxe5 {[%clk 0:52:24]} 10. Rd1 {[%clk 1:20:36]} Qc7
{[%clk 0:50:55]} 11. Na3 {[%clk 1:18:57]} O-O {[%clk 0:48:02]} 12. Nb5
{[%clk 1:12:11]} Qb8 {[%clk 0:45:35]} 13. Bg5 {[%clk 1:09:24]} a6
{[%clk 0:42:15]} 14. Nd6 {[%clk 1:09:09]} Qc7 {[%clk 0:42:20]} 15. a4
{[%clk 1:04:03]} h6 {[%clk 0:41:59]} 16. Bxf6 {[%clk 1:02:52]} Bxf6
{[%clk 0:42:09]} 17. Nc4 {[%clk 0:57:54]} Rae8 {[%clk 0:38:04]} 18. Qd2
{[%clk 0:47:40]} Nb6 {[%clk 0:34:58]} 19. Qd6 {[%clk 0:47:11]} Qxd6
{[%clk 0:32:47]} 20. Nxd6 {[%clk 0:47:39]} Re7 {[%clk 0:33:05]} 21. a5
{[%clk 0:47:53]} Nd7 {[%clk 0:26:15]} 22. Nc4 {[%clk 0:47:35]} Bg7
{[%clk 0:21:53]} 23. Rd6 {[%clk 0:46:12]} f5 {[%clk 0:17:23]} 24. Nh4
{[%clk 0:44:56]} Rff7 {[%clk 0:15:06]} 25. Nxg6 {[%clk 0:43:22]} Re8
{[%clk 0:15:35]} 26. exf5 {[%clk 0:39:45]} Nb8 {[%clk 0:14:37]} 27. g4
{[%clk 0:39:08]} Nc6 {[%clk 0:14:12]} 28. Rad1 {[%clk 0:39:23]} e4
{[%clk 0:14:11]} 29. Rd7 {[%clk 0:37:58]} Rxd7 {[%clk 0:14:14]} 30. Rxd7
{[%clk 0:38:25]} e3 {[%clk 0:14:19]} 31. Nxe3 {[%clk 0:38:36]} Nxa5
{[%clk 0:14:03]} 32. Nd5 {[%clk 0:38:44]} 1-0

[Event "Open International de Liffre 2017"]
[Site "Liffre"]
[Date "2017.10.27"]
[Round "9.1"]
[White "NEELOTPAL, Das"]
[Black "SUNDARAJAN, Kidambi"]
[Result "1/2-1/2"]
[BlackElo "2417"]
[WhiteElo "2446"]
[LiveChessVersion "1.4.8"]

1. e4 {[%clk 1:30:57]} c5 {[%clk 1:26:12]} 2. Nf3 {[%clk 1:30:33]} Nc6
{[%clk 1:26:35]} 3. Bb5 {[%clk 1:30:56]} e6 {[%clk 1:26:49]} 4. O-O
{[%clk 1:31:09]} Nge7 {[%clk 1:26:34]} 5. d4 {[%clk 1:31:35]} cxd4
{[%clk 1:26:37]} 6. Nxd4 {[%clk 1:31:40]} b6 {[%clk 1:22:40]} 7. Nc3
{[%clk 1:16:34]} Bb7 {[%clk 1:21:17]} 8. Bf4 {[%clk 1:10:39]} Ng6
{[%clk 1:14:31]} 9. Bg3 {[%clk 1:09:26]} Be7 {[%clk 1:07:54]} 10. Qd2
{[%clk 1:07:29]} O-O {[%clk 1:06:40]} 11. Rad1 {[%clk 1:04:36]} a6
{[%clk 1:01:46]} 12. Be2 Nxd4 {[%clk 0:56:26]} 13. Qxd4 {[%clk 1:01:16]} Bc6
{[%clk 0:54:44]} 14. Bd6 {[%clk 0:57:33]} Bxd6 {[%clk 0:53:41]} 15. Qxd6
{[%clk 0:57:58]} f5 {[%clk 0:48:47]} 16. Bc4 {[%clk 0:47:02]} Qf6
{[%clk 0:43:08]} 17. f4 {[%clk 0:44:31]} fxe4 {[%clk 0:32:45]} 18. f5
{[%clk 0:44:51]} Ne5 {[%clk 0:32:35]} 19. Bb3 {[%clk 0:43:32]} Nf7
{[%clk 0:26:37]} 20. Qg3 {[%clk 0:35:54]} Qe7 {[%clk 0:21:01]} 21. fxe6
{[%clk 0:29:11]} dxe6 {[%clk 0:21:11]} 22. Qe3 {[%clk 0:27:44]} Ne5
{[%clk 0:08:52]} 23. Nxe4 {[%clk 0:23:15]} Bd5 {[%clk 0:05:37]} 24. Qg5
{[%clk 0:15:46]} Rxf1+ {[%clk 0:04:55]} 25. Rxf1 {[%clk 0:16:00]} Qxg5
{[%clk 0:04:49]} 26. Nxg5 {[%clk 0:16:25]} Nc4 {[%clk 0:04:48]} 1/2-1/2

[Event "Open International de Liffre 2017"]
[Site "Liffre"]
[Date "2017.10.27"]
[Round "9.2"]
[White "VENKATESH, M.R."]
[Black "GAHAN, M.G."]
[Result "1-0"]
[BlackElo "2281"]
[WhiteElo "2418"]
[LiveChessVersion "1.4.8"]

1. e4 {[%clk 1:25:31]} Nf6 {[%clk 1:30:24]} 2. e5 {[%clk 1:25:30]} Nd5
{[%clk 1:30:48]} 3. d4 d6 {[%clk 1:31:12]} 4. Nf3 {[%clk 1:26:19]} dxe5
{[%clk 1:30:13]} 5. Nxe5 {[%clk 1:26:24]} c6 {[%clk 1:30:34]} 6. c3
{[%clk 1:14:14]} Nd7 {[%clk 1:26:48]} 7. Nf3 {[%clk 1:14:05]} N7f6
{[%clk 1:26:55]} 8. Bd3 {[%clk 1:13:13]} Bg4 {[%clk 1:25:49]} 9. O-O
{[%clk 1:08:56]} e6 {[%clk 1:25:51]} 10. Re1 {[%clk 1:09:21]} Bd6
{[%clk 1:24:06]} 11. Nbd2 {[%clk 1:09:30]} Qc7 {[%clk 1:23:18]} 12. Qb3
{[%clk 1:08:17]} O-O {[%clk 1:18:03]} 13. Ne5 {[%clk 0:58:14]} c5
{[%clk 1:12:27]} 14. Ndc4 {[%clk 0:52:09]} cxd4 {[%clk 1:09:20]} 15. cxd4
{[%clk 0:52:10]} Nb4 {[%clk 0:56:47]} 16. Bb1 {[%clk 0:45:59]} Be7
{[%clk 0:44:55]} 17. Bf4 {[%clk 0:40:37]} Qd8 {[%clk 0:43:56]} 18. Bd2
{[%clk 0:28:43]} Nc6 {[%clk 0:40:09]} 19. Qxb7 {[%clk 0:25:42]} Nxd4
{[%clk 0:37:43]} 20. Ba5 {[%clk 0:25:33]} Rb8 {[%clk 0:33:27]} 21. Qxa7
{[%clk 0:23:32]} Ra8 {[%clk 0:33:49]} 22. Bxd8 {[%clk 0:23:24]} Rxa7
{[%clk 0:34:14]} 23. Bb6 {[%clk 0:23:49]} Nb3 {[%clk 0:33:19]} 24. Bxa7
{[%clk 0:23:48]} Nxa1 {[%clk 0:33:43]} 25. Bd3 {[%clk 0:23:45]} Ra8
{[%clk 0:33:48]} 26. Nc6 {[%clk 0:24:10]} Kf8 {[%clk 0:30:19]} 27. Rxa1
{[%clk 0:24:21]} 1-0

[Event "Open International de Liffre 2017"]
[Site "Liffre"]
[Date "2017.10.27"]
[Round "9.3"]
[White "KRYAKVIN, Dmitry"]
[Black "KARPATCHEV, Aleksandr"]
[Result "1-0"]
[BlackElo "2506"]
[WhiteElo "2583"]
[LiveChessVersion "1.4.8"]

1. c4 {[%clk 1:30:56]} e5 {[%clk 1:30:38]} 2. g3 {[%clk 1:31:17]} Nf6
{[%clk 1:28:51]} 3. Bg2 {[%clk 1:31:39]} d5 {[%clk 1:29:07]} 4. cxd5
{[%clk 1:32:01]} Nxd5 {[%clk 1:29:35]} 5. Nf3 {[%clk 1:32:21]} Nc6
{[%clk 1:30:02]} 6. O-O {[%clk 1:32:37]} Nb6 {[%clk 1:30:20]} 7. b3
{[%clk 1:32:57]} Be7 {[%clk 1:27:43]} 8. Bb2 {[%clk 1:33:18]} f6 {[%clk 1:28:02]}
9. Qc1 {[%clk 1:33:13]} O-O {[%clk 1:25:08]} 10. Rd1 {[%clk 1:33:33]} e4
{[%clk 1:21:09]} 11. Ne1 {[%clk 1:33:53]} Bg4 {[%clk 1:20:53]} 12. Nc3
{[%clk 1:32:37]} Nd4 {[%clk 1:19:19]} 13. Bf1 {[%clk 1:30:45]} f5
{[%clk 1:09:28]} 14. d3 {[%clk 1:31:05]} Bg5 {[%clk 1:04:59]} 15. e3
{[%clk 1:31:30]} Bxd1 {[%clk 0:54:16]} 16. Qxd1 {[%clk 1:31:53]} Nf3+
{[%clk 0:54:22]} 17. Nxf3 {[%clk 1:32:14]} exf3 {[%clk 0:54:51]} 18. Qxf3
{[%clk 1:32:32]} c6 {[%clk 0:55:16]} 19. d4 {[%clk 1:25:39]} Qd7 {[%clk 0:52:13]}
20. Rc1 {[%clk 1:15:29]} Rad8 {[%clk 0:50:10]} 21. Bg2 {[%clk 1:01:31]} Qe7
{[%clk 0:39:41]} 22. h4 {[%clk 0:55:34]} Bf6 {[%clk 0:36:33]} 23. Nb1 Qe6
{[%clk 0:34:29]} 24. Nd2 {[%clk 0:50:38]} g6 {[%clk 0:31:18]} 25. Nc4
{[%clk 0:49:14]} Nxc4 {[%clk 0:23:28]} 26. Rxc4 {[%clk 0:49:18]} Rfe8
{[%clk 0:15:23]} 27. Rc5 {[%clk 0:47:04]} Qe4 {[%clk 0:06:39]} 28. Qd1
{[%clk 0:45:51]} Qe7 {[%clk 0:07:05]} 29. Qc2 {[%clk 0:45:05]} Qd7
{[%clk 0:01:16]} 30. b4 {[%clk 0:43:00]} f4 {[%clk 0:00:44]} 31. gxf4
{[%clk 0:40:52]} Qg4 {[%clk 0:01:03]} 32. b5 {[%clk 0:33:26]} cxb5
{[%clk 0:00:53]} 33. Qb3+ {[%clk 0:26:19]} Kg7 {[%clk 0:01:00]} 34. d5
{[%clk 0:21:23]} Rc8 {[%clk 0:00:49]} 35. Qxb5 {[%clk 0:05:46]} b6
{[%clk 0:01:19]} 36. Bxf6+ {[%clk 0:03:59]} Kxf6 {[%clk 0:01:09]} 37. Rc6+
{[%clk 0:03:27]} Kg7 {[%clk 0:01:14]} 38. Qb2+ {[%clk 0:02:41]} Kh6
{[%clk 0:00:59]} 39. Qf6 {[%clk 0:32:55]} Rxc6 {[%clk 0:30:47]} 40. dxc6
{[%clk 0:31:21]} Qd1+ {[%clk 0:20:51]} 41. Kh2 Qc2 42. Kg3 {[%clk 0:30:20]} Qf5
{[%clk 0:19:06]} 43. Qd6 {[%clk 0:24:44]} Qf7 {[%clk 0:11:01]} 44. Bh3
{[%clk 0:23:34]} Re7 {[%clk 0:05:22]} 45. Bd7 {[%clk 0:23:13]} b5
{[%clk 0:01:16]} 46. f5 {[%clk 0:21:38]} Re4 {[%clk 0:00:44]} 47. c7
{[%clk 0:21:37]} Kh5 {[%clk 0:00:38]} 48. c8=Q {[%clk 0:20:58]} 1-0

[Event "Open International de Liffre 2017"]
[Site "Liffre"]
[Date "2017.10.27"]
[Round "9.4"]
[White "AUMONT, Alexandre"]
[Black "LALIC, Bogdan"]
[Result "1/2-1/2"]
[BlackElo "2438"]
[WhiteElo "2211"]
[LiveChessVersion "1.4.8"]

1. e4 {[%clk 1:28:47]} c5 {[%clk 1:29:23]} 2. Nc3 {[%clk 1:28:44]} Nc6
{[%clk 1:29:12]} 3. g3 {[%clk 1:28:56]} g6 {[%clk 1:29:34]} 4. Bg2
{[%clk 1:29:24]} Bg7 {[%clk 1:29:57]} 5. d3 {[%clk 1:29:52]} d6 {[%clk 1:30:19]}
6. Be3 {[%clk 1:30:17]} Nd4 {[%clk 1:30:37]} 7. Qd2 {[%clk 1:30:20]} Qa5
{[%clk 1:30:56]} 8. f4 {[%clk 1:28:37]} e6 {[%clk 1:31:10]} 9. Nh3
{[%clk 1:23:17]} Ne7 {[%clk 1:31:27]} 10. O-O {[%clk 1:23:00]} Bd7
{[%clk 1:31:38]} 11. Nf2 {[%clk 1:21:09]} Bc6 {[%clk 1:31:27]} 12. a3
{[%clk 1:17:36]} Rc8 {[%clk 1:29:52]} 13. Kh1 {[%clk 1:07:01]} Qc7
{[%clk 1:29:37]} 14. Rab1 {[%clk 1:05:51]} a5 {[%clk 1:29:06]} 15. Na2
{[%clk 0:57:12]} a4 {[%clk 1:21:42]} 16. Nc1 {[%clk 0:56:43]} Bb5
{[%clk 1:19:31]} 17. c3 {[%clk 0:56:30]} Ndc6 {[%clk 1:19:57]} 18. Ne2 Na5
{[%clk 1:19:10]} 19. Rbd1 {[%clk 0:43:34]} O-O {[%clk 1:19:14]} 20. g4
{[%clk 0:32:34]} f5 {[%clk 1:19:23]} 21. Ng3 {[%clk 0:29:57]} Rce8
{[%clk 1:17:32]} 22. Rfe1 {[%clk 0:29:10]} Nb3 {[%clk 1:02:04]} 23. Qc2
{[%clk 0:29:23]} Bc6 {[%clk 1:01:01]} 24. gxf5 {[%clk 0:28:05]} exf5
{[%clk 1:01:16]} 25. Nh3 {[%clk 0:23:53]} Qc8 {[%clk 0:59:24]} 26. Qf2
{[%clk 0:22:48]} b6 {[%clk 0:55:40]} 27. Ng5 {[%clk 0:22:34]} Bh6
{[%clk 0:51:06]} 28. Nh3 {[%clk 0:22:24]} d5 {[%clk 0:50:00]} 29. e5
{[%clk 0:21:46]} d4 {[%clk 0:50:26]} 30. cxd4 {[%clk 0:19:19]} cxd4
{[%clk 0:50:52]} 31. Bxd4 {[%clk 0:18:47]} Bxg2+ {[%clk 0:51:15]} 32. Kxg2
{[%clk 0:19:10]} Qc6+ {[%clk 0:51:40]} 33. Kg1 {[%clk 0:19:15]} Nd5
{[%clk 0:52:05]} 34. Ne2 {[%clk 0:18:23]} Rc8 {[%clk 0:51:54]} 35. Bc3
{[%clk 0:15:34]} Rfd8 {[%clk 0:51:17]} 36. Ng5 {[%clk 0:14:20]} Bf8
{[%clk 0:46:50]} 37. e6 {[%clk 0:14:18]} Bc5 {[%clk 0:46:14]} 38. d4
{[%clk 0:14:20]} Be7 {[%clk 0:46:23]} 39. Rd3 {[%clk 0:01:36]} Bxg5
{[%clk 0:43:22]} 40. fxg5 {[%clk 0:32:05]} Qxe6 {[%clk 1:13:42]} 41. Nf4
{[%clk 0:31:29]} Qf7 {[%clk 1:14:05]} 42. Nxd5 {[%clk 0:27:29]} Rxd5
{[%clk 1:14:24]} 43. Rde3 {[%clk 0:17:29]} f4 {[%clk 1:13:50]} 44. Re5
{[%clk 0:17:47]} Rcd8 {[%clk 1:13:18]} 45. R1e4 {[%clk 0:15:51]} 1/2-1/2